| 000 | 01712cam a2200421 a 4500 | ||
|---|---|---|---|
| 999 |
_c126288 _d126288 |
||
| 001 | 15543066 | ||
| 003 | ARRUPE | ||
| 005 | 20170316094328.0 | ||
| 008 | 081203s2009 enk b 001 0 eng | ||
| 010 | _a 2008052260 | ||
| 020 | _a9780415442992 (hbk) | ||
| 020 | _a0415442990 (hbk) | ||
| 020 | _a9780415443005 (pbk) | ||
| 020 | _a0415443008 (pbk) | ||
| 020 | _a9780203876244 (ebook) | ||
| 020 | _a0203876245 (ebook) | ||
| 035 | _a(OCoLC)ocn166361401 | ||
| 040 |
_aDLC _cDLC _dBTCTA _dBAKER _dYDXCP _dBWKUK _dBWK _dIOG _dBWX _dCDX _dDLC |
||
| 043 | _ab------ | ||
| 050 | 0 | 0 |
_aPR9080.5 _b.M66 2009 |
| 082 | 0 | 0 |
_a820.9/35 _222 |
| 100 | 1 |
_aMoore-Gilbert, B. J., _d1952- _929389 |
|
| 245 | 1 | 0 |
_aPostcolonial life-writing : _bculture, politics and self-representation / _cBart Moore-Gilbert. |
| 250 | _a1st ed. | ||
| 260 |
_aLondon ; _aNew York : _bRoutledge, _c2009. |
||
| 300 |
_axxvi, 171 p. ; _c25 cm. |
||
| 440 | 0 |
_aPostcolonial literatures _929390 |
|
| 504 | _aIncludes bibliographical references (p. [131]-166) and index. | ||
| 650 | 0 |
_aAutobiography. _929391 |
|
| 650 | 0 |
_aCommonwealth literature (English) _xHistory and criticism. _9443 |
|
| 650 | 0 |
_aAuthors, Commonwealth _xBiography _xHistory and criticism. _929392 |
|
| 650 | 0 |
_aSelf in literature. _929393 |
|
| 650 | 0 |
_aIdentity (Psychology) in literature. _916040 |
|
| 650 | 0 |
_aPostcolonialism in literature. _929394 |
|
| 650 | 0 |
_aBiography as a literary form. _929395 |
|
| 651 | 0 |
_aCommonwealth countries _xIn literature. _929396 |
|
| 906 |
_a7 _bcbc _corignew _d1 _eecip _f20 _gy-gencatlg |
||
| 942 |
_2lcc _cMONOGRAPH |
||